000 02646nam1a2200337 i 4500
001 RU\NLR\BIBL_A\012891587
005 20260408130427.0
010 _a9785799512033
_950
035 _a(NLR Aleph) 012891587
090 _a12553106
_c12553106
100 _a20220920d2022 k y0rusy50 ca
101 0 _arus
_deng
102 _aRU
105 _a||||z|||11|||
200 1 _aСовременное состояние экономики России: вызовы, возможности, риски
_eсборник научных трудов всероссийской научно-практической конференции с международным участием, 21 декабря 2021 г., Тверь
_eв двух частях
_fМинобрнауки России, Федеральное государственное бюджетное образовательное учреждение высшего образования "Тверской государственный технический университет" (ТвГТУ), Кафедра экономики и управления производством, Научно-образовательный центр "Развитие"
_gредакционная коллегия: Вякина И. В., д-р экон. наук, проф. [и др.]
210 _aТверь
_cредакционно-издательский отдел ТвГТУ
_d2022
215 _d21
300 _aРез. англ.
300 _aПосвящ. 100-летию Твер. гос. техн. ун-та
320 _aБиблиогр. в конце ст.
607 _aРоссийская Федерация
_jСъезды, совещания и т.п
_xНародное хозяйство
_92106777
_3RU\NLR\AUTH\661273591
686 1 _aУ03(2Р)74я431
686 1 _aУ21(2Р)я431
702 1 _aВякина
_bИ. В.
_gИрина Владимировна
_4340
711 1 2 _a"Современное состояние экономики России: вызовы, возможности, риски", всероссийская научно-практическая конференция с международным участием
_eТверь
_f2021
_9811881
_3RU\NLR\AUTH\880572809
712 0 2 _4557
_aТверской государственный технический университет
_bКафедра экономики и управления производством
_3RU\NLR\AUTH\880486962
_9634319
852 _aNLR
_j2022-3/26025
942 _cBOOK